Normal view
MARC view
- Husni, Ronak
Entry Personal Name
001 - CONTROL NUMBER
- control field: 41926
003 - CONTROL NUMBER IDENTIFIER
- control field: DLC
005 - DATE AND TIME OF LATEST TRANSACTION
- control field: 20181114101852.0
008 - FIXED-LENGTH DATA ELEMENTS
- fixed length control field: 070619n| azannaabn |n aaa
010 ## - LIBRARY OF CONGRESS CONTROL NUMBER
- LC control number: n 2007043421
040 ## - CATALOGING SOURCE
- Original cataloging agency: DLC
- Language of cataloging: eng
- Description conventions: rda
- Transcribing agency: DLC
- Modifying agency: DLC
- Modifying agency: EG-ScBUE
100 1# - HEADING--PERSONAL NAME
- Personal name: Husni, Ronak
670 ## - SOURCE DATA FOUND
- Source citation: Ḥaddād, al-Ṭāhir. The status of women in islamic law and society, 2007:
- Information found: ECIP t.p. (Ronak Husni) d.v. (lect., Arabic Dept., Durham Univ.)